000 00331nam a22001457a 4500
008 210429b ||||| |||| 00| 0 eng d
020 _a2900205245740
041 _aeng
080 _26th
_a37
082 _a37
100 _a46
101 _aEDU
245 _aA Brief Guide to Writing from Readings
_cWilhoit,S
942 _2udc
_cBK
999 _c56985
_d56985